00868nam a22002537a 450000500170000001000130001702000100003003500130004003700160005304000120006908200160008110000310009724501000012825000110022826000440023927000570028330000260034050000200036665000130038665000480039994200250044799900190047295201230049120170124110006.0 aA-524172 c00.00 aA-524172 bCen Lib/Ret aDPLbEN a343.04bSHU aShuklendra, Acharya916879 aSurvey, search, seizure and settlement of cases : cby Acharya Shulendra bunder direct taxes / a2nd ed aAllahabadbModren Law Publicationc1989 a8, Hastings Road, Near Hgh Court bAllahabade211003 axlvii,448p.c24cm(Hb) aIncludes index. aLaw9104 aMilitary, tax trade & industrial law916880 2ddccENh343.04mSHU c126191d126191 00104070aLbLd2015-06-24eCen Lib/Retg0.00l0o343.04 SHUpA-524172r2015-06-24 00:00:00t1v0.00w2015-06-24yEN